| 000 | 00370nam a2200157 4500 | ||
|---|---|---|---|
| 008 | 190207s1969||||xo d | ||
| 100 | 1 |
_aKeller Werner _9871 |
|
| 245 | 1 | 0 | _aA biblia má predsa pravdu |
| 250 | _a1. vydanie | ||
| 260 |
_bTatran _aBratislava _c1969 |
||
| 300 | _a405 s. | ||
| 020 |
_a61-984-69 _c0 |
||
| 041 | 1 | _aslo | |
| 044 |
_axo _cSK |
||
| 958 | _aA | ||
| 999 |
_c22101 _d22101 |
||